Modern Türkiye'de siyasi düşünce (Record no. 10187)

MARC details
000 -BAŞLIK
Sabit Uzunlukta Kontrol Alanı 02219na a2200505 4500
001 - KONTROL NUMARASI
Denetim Alanı 13502
003 - KONTROL NUMARASI IDENTIFIER
Denetim Alanı MIRAKIL
005 - SON İŞLEM TARİHİ VE ZAMANI
Denetim Alanı 20181213155310.0
008 - SABİT-BOY VERİ ELEMANLARI - GENEL BİLGİLER
Sabit Uzunlukta Kontrol Alanı 160829b tu 000 0
020 ## - ULUSLARARASI STANDART KİTAP NUMARASI
Uluslararası Standart Kitap Numarası 9789750505072 (c.8)
020 ## - ULUSLARARASI STANDART KİTAP NUMARASI
Uluslararası Standart Kitap Numarası 9789750503702 (c.7)
020 ## - ULUSLARARASI STANDART KİTAP NUMARASI
Uluslararası Standart Kitap Numarası 9789750500879 (c.4)
020 ## - ULUSLARARASI STANDART KİTAP NUMARASI
Uluslararası Standart Kitap Numarası 9789750500053 (c.2)
020 ## - ULUSLARARASI STANDART KİTAP NUMARASI
Uluslararası Standart Kitap Numarası 9789750500046 (c.1)
020 ## - ULUSLARARASI STANDART KİTAP NUMARASI
Uluslararası Standart Kitap Numarası 9789750500039 (Tk.)
020 ## - ULUSLARARASI STANDART KİTAP NUMARASI
Uluslararası Standart Kitap Numarası 9789750506574 (c.9)
035 ## - SİSTEM KONTROL NUMARASI
Sistem Kontrol Numarası 13502
040 ## - KATALOGLAMA KAYNAK
Orijinal Kataloglama Ajansı Milas
Kataloglama Dili tur
Metne Dönüştürmek Ajansı TR-AnCHP
082 ## - DEWEY ONLU SINIFLANDIRMA NUMARASI
Sınıflandırma Numarası 956.102
Ürün Numarası M62e 2009
090 ## - SINIFLAMA NUMARASI
Sınıflama Numarası 956.102 M62e 2009
245 ## - BAŞLIK TABLOSU
Başlık Modern Türkiye'de siyasi düşünce
Başlığın Kalan Dönemler ve zihniyetler
Sorumluluk Tablosu, Vb Genel yayın yönetmeni, Murat Belge ; cilt editörleri, Mehmet Ö. Alkan ... [ve öte.]
246 ## - UNVAN FORM VARYING
Başlık Doğru / Kısa Başlığı Dönemler ve zihniyetler
260 ## - YAYIN, DAĞITIM, VB
Yayın, Dağıtım, Vb Yeri İstanbul
Yayıncı, Dağıtıcı, Vs Adı İletişim
Yayın, Dağıtım, Vb Tarihi 2009
300 ## - FİZİKSEL TANIM
Kapsam c.
Diğer Fiziksel Ayrıntıları res.
Boyutlar 23 sm.
490 ## - SERİSİ TABLOSU
Seri Beyanı Modern Türkiye' de siyasi düşünce
Hacim / Ardışık Tanımı 1,2,4, 7, 8,9
490 ## - SERİSİ TABLOSU
Seri Beyanı İletişim yayınları
Hacim / Ardışık Tanımı 726, 762, 848, 1115, 1235, 1374
500 ## - GENEL NOT
Genel Not Kütüphanede sadece c.9 var.
505 ## - BİÇİMLENDİRİLDİ İÇİNDEKİLER NOT
Biçimlendirilmiş İçeriği Dikkat c. 1. Cumhuriyet'e devreden düşünce mirası : Tanzimat ve Meşrutiyet'in birikimi / cilt editörü, Mehmet Ö.Alkan -- c. 2. Kemalizm / cilt editörü, Ahmet İnsel -- c. 3. Modernleşme ve batıcılık / cilt editörü, Uygur Kocabaşoğlu -- c. 4.Milliyetçilik / cilt editörü, Tanıl Bora --c. 5. Muhafazakarlık /cilt editörü, Ahmet Çiğdem -- c. 6. İslamcılık / cilt editörü, Yasin Aktay --c. 7. Liberalizm /cilt editörü, Murat Yılmaz --c. 8. Sol / cilt editörü, Murat Gültekingil -- c. 9.Dönemler ve zihniyetler.
650 ## - KONU KATMA GİRİŞ - TOPİKAL DÖNEM
Topikal Süreli Veya Coğrafi Ad Giriş Elemanı Atatürkçülük
651 ## - KONU KATMA GİRİŞ - COĞRAFİ ADI
Coğrafi İsim Türkiye
Genel Alt Bölümü Siyaset ve yönetim
Kronolojik Alt Bölümü 1918-1960
651 ## - KONU KATMA GİRİŞ - COĞRAFİ ADI
Coğrafi İsim Türkiye
Genel Alt Bölümü Tarih
Kronolojik Alt Bölümü 1878-1909
651 ## - KONU KATMA GİRİŞ - COĞRAFİ ADI
Coğrafi İsim Türkiye
Genel Alt Bölümü Tarih
Kronolojik Alt Bölümü Tanzimat, 1839-1876
651 ## - KONU KATMA GİRİŞ - COĞRAFİ ADI
Coğrafi İsim Türkiye
Genel Alt Bölümü Siyaset ve yönetim
Kronolojik Alt Bölümü 20. yüzyıl
651 ## - KONU KATMA GİRİŞ - COĞRAFİ ADI
Coğrafi İsim Türkiye
Genel Alt Bölümü Tarih
Kronolojik Alt Bölümü 20. yüzyıl
651 ## - KONU KATMA GİRİŞ - COĞRAFİ ADI
Coğrafi İsim Türkiye
Genel Alt Bölümü Tarih
Kronolojik Alt Bölümü Mehmed V, 1909-1918
700 ## - KATMA GİRİŞ - KİŞİSEL İSİM
Kişisel Ad Yılmaz, Murat
700 ## - KATMA GİRİŞ - KİŞİSEL İSİM
Kişisel Ad Aktay, Yasin
700 ## - KATMA GİRİŞ - KİŞİSEL İSİM
Kişisel Ad Çiğdem, Ahmet
700 ## - KATMA GİRİŞ - KİŞİSEL İSİM
Kişisel Ad Kocabaşoğlu, Uğur
700 ## - KATMA GİRİŞ - KİŞİSEL İSİM
Kişisel Ad İnsel, Ahmet
700 ## - KATMA GİRİŞ - KİŞİSEL İSİM
Kişisel Ad Alkan, Mehmet Ö.
700 ## - KATMA GİRİŞ - KİŞİSEL İSİM
Kişisel Ad Belge, Murat
Bir Adıyla İlişkilendirilen Tarihler 1943-
700 ## - KATMA GİRİŞ - KİŞİSEL İSİM
Kişisel Ad Gültekingil, Murat
942 ## - EKLENDİ GİRİŞ ELEMANLARI (KOHA)
Sınıflandırma Veya Raf Düzeni Kaynak
Koha Öğesi Türü Books
999 ## - SİSTEM KONTROL NUMARALARI (KOHA)
Koha Biblionumber 10187
Koha Biblioitemnumber 10187
Holdings
Kalıcı Konum Mevcut Konum Edinme Tarihi Edinim Kaynak Toplam Check-Out'Lar Tam Çağrı Numarası Barkod Tarih Son Görülme İtibaren Geçerli Fiyatlar Koha Öğesi Türü Kopya Sayısı Sigara Kamu Notu
CHP Kütüphanesi CHP Kütüphanesi 08/14/2016 Bağış   956.102 M62e 2009 001221 08/14/2016 08/14/2016 Books    
CHP Kütüphanesi CHP Kütüphanesi 11/05/2021     956.102 M62e 2009 020090 11/05/2021 11/05/2021 Books c.2 Emin Değer Bağışıdır.